000 01003cam a2200217 4500
001 WB3904-16
008 030130n2003 000 0 eng u
035 _a(Sirsi) u121178
245 _aMinerals and waste planning research
260 _c2003
490 _aODPM Progress on Minerals and Waste Planning Research
_vDecember 2002, (3)
520 _aODPM has published its latest progress report on minerals and waste planning research including current research, approved projects in preparation and a list of all projects completed since 1998. Covers mineral resources and supply, mineral workings and dredging, recycled and secondary aggregates, waste management planning and minerals planning. It is available at http://www.planning.odpm.gov.uk/pmwpr02/index.htm
590 _aWB
650 _aWASTE PLANNING
650 _aMINERAL WORKINGS
650 _aSECONDARY AGGREGATES
650 _aRECYCLED AGGREGATES
650 _aMINERAL RESOURCES
690 _aMINING AND MINERALS
942 _n0
999 _c72005
_d72005